000 00442nam a2200157Ia 4500
003 GCL
008 140319s9999 xx 000 0 eng d
040 _aGCL /
_cGCL
082 0 4 _a150.724
_bS F
100 1 _aSHERIDAN, CHARLES L.
245 1 0 _aFUNDAMENTALS OF EXPERIMENTAL PSYCHOLOGY /
_cSHERIDAN, CHARLES L.
260 _a[S.N] :
_bHOLT, RINEHART AND WINSTON, INC ،
_c1976
300 _a475 P
650 0 4 _aEXPERIMENTAL
942 _2ddc
_cBK
999 _c13272
_d13272